• 首页
  • 本馆介绍
  • 公告通知
  • 最新文献
  • 馆藏检索
  • 电子资源
  • 读者导购
  • 参考咨询
  • 我的图书馆
  • 登录
  • 详细信息显示
  • 放入我的书架
  • 预约/预借图书
  • 作者相关作品
  • 分类相关作品
  • 丛书相关作品
  • 出版社相关作品

书目信息

  • 表格格式
  • 工作单格式
  • 卡片格式
题名:
现代会展理论与实务
    
 
作者: 赵玉甡 , 沈和江 编著
分册:  
出版信息: 北京   对外经济贸易大学出版社  2013
页数: 286页
开本: 24cm
丛书名:
单 册:
中图分类: G245
科图分类:
主题词: 展览会--高等学校--教材 , 展览会
电子资源:
ISBN: 978-7-5663-0768-2
000 00958nam0 22002651 450
001 523
005 20140909172121.89
010    @a978-7-5663-0768-2@dCNY39.00
100    @a20131128d2013 em y0chiy50 ea
101 0  @achi
102    @aCN@b110000
105    @ay z 000yy
106    @ar
200 1  @a现代会展理论与实务@AXian Dai Hui Zhan Li Lun Yu Shi Wu@f赵玉甡,沈和江编著@FZhao Yu甡, Shen He Jiang Bian Zhu
210    @a北京@c对外经济贸易大学出版社@d2013
215    @a286页@d24cm
300    @a全国高等院校基于工作过程的校企合作系列教材
330    @a本书从概论、办展、参展、设计施工、评估等五部分展开,以展览业务的流程为线索,以展览的实务内容为核心,将现代会展活动的业务操作进行理论与实务的分析与概括。
606 0  @a展览会@x高等学校@j教材
606 0  @a展览会
690    @aG245@v5
701  0 @a赵玉甡@AZhao Yu Shen@4编著
701  0 @a沈和江@AShen He Jiang@f(1965~)@4编著
801  0 @aCN@bTANGWEI@c20140603
905    @b0837117-19@dG245@e19@f3
    
    现代会展理论与实务/赵玉甡,沈和江编著.-北京:对外经济贸易大学出版社,2013
    286页;24cm
    全国高等院校基于工作过程的校企合作系列教材
    
    ISBN 978-7-5663-0768-2:CNY39.00
    本书从概论、办展、参展、设计施工、评估等五部分展开,以展览业务的流程为线索,以展览的实务内容为核心,将现代会展活动的业务操作进行理论与实务的分析与概括。
●
相关链接 在E读中查询图书 在五车中查询图书 在当当中查询图书 在豆瓣中查询图书


正题名:现代会展理论与实务     索取号:G245/19         预约/预借

序号 登录号 条形码 馆藏地/架位号 状态 备注
1 0837117   208371171   第一样本阅览室/ [索取号:G245/19] 在馆    
2 0837118   208371180   第四借阅区/ [索取号:G245/19] 在馆    
3 0837119   208371199   第四借阅区/ [索取号:G245/19] 在馆    
唐山师范学院图书馆 欢迎您!
大连网信软件有限公司© 版权所有